000
00233nam a2200097Ia 4500
008
230508s1998 xx 000 0 und d
041
_a
eng
100
_a
VIJENDRA SINGH
245
_a
HEAT TRANSFAR OF METALS
260
_b
STAND PUB
_c
1998
999
_c
714404
_d
714404